000 00744nam a2200217Ii 4500
003 JO-AjNU
008 230605s9999||||xx |||||||||||||| ||und||
017 _a1984/3279
040 _aJO-AjNU
_bara
_erda
_cJO-AjNU
041 _aara
050 1 4 _aDT97.J2 1988
100 3 _aيحى، دلال، م.مشارك نعيم، خالد,
_eauthor
_916650
245 0 0 _aمصر الحديثة 1919-1952
264 3 1 _aالاسكندرية: المكتب الجامعي الحديث، 1984
300 _a533ص
336 _atext
_btxt
_2rdacontent
337 _aunmediated
_bn
_2rdamedia
338 _avolume
_bnc
_2rdacarrier
490 0 _aسلسبة كتب التاريخ الحديث والمعاصر؛ 1
650 4 _aمصر 1919-1952-تاريخ
_916651
999 _aA4982
_c8550
_d8550